[Event "Campeonato de España PULEVA MAX Sub-12  "]
[Site "Padron (Galicia)"]
[Date "2011.07.07"]
[Round "4"]
[White "Ventura Bolet, Alexandre"]
[Black "Panades Catarineu, Oriol"]
[Result "1-0"]
[WhiteElo "1755"]
[BlackElo "1589"]
[PlyCount "121"]
[EventDate "2011.07.05"]
[EventRounds "9"]
[EventCountry "ESP"]

1. e4 e5 2. Nf3 Nc6 3. Bc4 Bc5 4. c3 Nf6 5. d4 exd4 6. e5 Ne4 7. cxd4 Bb4+ 8.
Bd2 Bxd2+ 9. Nbxd2 Nxd2 10. Qxd2 d5 11. Bb5 Bd7 12. Bxc6 Bxc6 13. O-O O-O 14.
Rfe1 Re8 15. a4 Bd7 16. h3 c6 17. Rac1 Qb6 18. Qc2 Rab8 19. Re3 Re6 20. b3 Rg6
21. Kh2 Be6 22. Kh1 Rf8 23. Qb2 Bf5 24. Nh4 Rg5 25. g4 Bxg4 26. hxg4 Rxg4 27.
Nf5 Rg5 28. Ng3 f5 29. f4 Rg4 30. Rf3 Qd8 31. Nf1 Re8 32. Nh2 Rh4 33. Rg1 Re7
34. Qf2 Rh6 35. Rfg3 Qd7 36. Qc2 Rh4 37. Qd2 Qc7 38. Kg2 Rh6 39. Kf1 Qd7 40.
Nf3 Qe8 41. Qc2 Qh5 42. Qg2 Qf7 43. Rg5 g6 44. Qc2 Kh8 45. Qc5 a6 46. Ne1 Rh3
47. R5g3 Rh4 48. Nd3 Rd7 49. Kf2 Qe7 50. Kf3 Qxc5 51. Nxc5 Re7 52. b4 Rh2 53.
Rb1 Ra2 54. Rg2 Ra3+ 55. Rb3 Ra1 56. b5 axb5 57. axb5 Rh1 58. bxc6 bxc6 59. Rb6
Rc7 60. Rb8+ Kg7 61. Ne6+ 1-0

[Event "Campeonato de España PULEVA MAX Sub-12  "]
[Site "Padron (Galicia)"]
[Date "2011.07.07"]
[Round "4"]
[White "Chao Vale, Fernando"]
[Black "Ucles Lirola, Moises"]
[Result "0-1"]
[WhiteElo "1687"]
[BlackElo "1774"]
[PlyCount "156"]
[EventDate "2011.07.05"]
[EventRounds "9"]
[EventCountry "ESP"]

1. e4 Nf6 2. e5 Nd5 3. d4 d6 4. c4 Nb6 5. exd6 exd6 6. Nc3 Nc6 7. Nf3 Bg4 8.
Be3 Be7 9. Bd3 Bf6 10. d5 Ne5 11. Bxb6 axb6 12. Be2 Nxf3+ 13. Bxf3 Bxc3+ 14.
bxc3 Qe7+ 15. Be2 Bxe2 16. Qxe2 Ra4 17. Kd2 Qxe2+ 18. Kxe2 Rxc4 19. Kd3 Rc5 20.
c4 b5 21. cxb5 Rxb5 22. Kd4 Kd7 23. a3 Re8 24. Rhe1 Rxe1 25. Rxe1 Rb2 26. Re3
Rxf2 27. Rg3 g6 28. Ke3 Rf1 29. Rh3 h5 30. Rg3 Ke7 31. Kd4 Rf4+ 32. Kc3 Ra4 33.
Kb3 Rd4 34. Rc3 Kd7 35. Rf3 f5 36. Rg3 Rg4 37. Rd3 Rxg2 38. h4 Rg4 39. Rh3 f4
40. Kc4 f3+ 41. Kd3 Ra4 42. Ke3 Rxa3+ 43. Kf2 Ke7 44. Rh1 Rc3 45. Rg1 Kf7 46.
Rb1 b6 47. Rb4 Kf6 48. Rd4 Ke5 49. Rd1 Rc5 50. Kxf3 Rxd5 51. Rg1 Kf6 52. Rc1
Rc5 53. Rb1 g5 54. hxg5+ Rxg5 55. Rc1 Rc5 56. Rb1 Ke6 57. Rh1 Kd7 58. Ke4 Kc6
59. Kd4 b5 60. Rb1 Rc4+ 61. Kd3 h4 62. Rh1 Kc5 63. Kd2 d5 64. Kd3 b4 65. Kd2 c6
66. Kd3 Rc3+ 67. Kd2 h3 68. Rh2 Kc4 69. Kd1 d4 70. Rf2 c5 71. Rh2 b3 72. Rf2
Rc2 73. Rf3 h2 74. Rh3 d3 75. Rh4+ Kc3 76. Rh3 b2 77. Rxd3+ Kxd3 78. Ke1 b1=Q#
0-1

[Event "Campeonato de España PULEVA MAX Sub-12  "]
[Site "Padron (Galicia)"]
[Date "2011.07.07"]
[Round "4"]
[White "Recuna Aranda, Miguel"]
[Black "Ortega Lopez, Mikel"]
[Result "1/2-1/2"]
[WhiteElo "1683"]
[BlackElo "1758"]
[PlyCount "75"]
[EventDate "2011.07.05"]
[EventRounds "9"]
[EventCountry "ESP"]

1. e4 c5 2. Nc3 e6 3. g3 Nc6 4. Bg2 g6 5. f4 Bg7 6. d3 Nge7 7. Nf3 b6 8. O-O
O-O 9. Be3 d5 10. Bf2 dxe4 11. dxe4 Bb7 12. e5 Nb4 13. a3 Nbd5 14. Ne4 Nf5 15.
Qe2 Rb8 16. c4 Nc7 17. Rfd1 Qc8 18. g4 Bxe4 19. Qxe4 Ne7 20. a4 Rd8 21. Rd6 Ne8
22. Rdd1 Qa6 23. Qc2 Nc6 24. Bh4 f6 25. exf6 Bxf6 26. Bxf6 Nxf6 27. b3 Nb4 28.
Qe2 Rxd1+ 29. Rxd1 Re8 30. Rd6 Qc8 31. Ng5 Nd7 32. Rxe6 Nf6 33. Rxe8+ Qxe8 34.
Qxe8+ Nxe8 35. Ne4 Ng7 36. Kf2 Ne6 37. Nf6+ Kh8 38. Nd5 1/2-1/2

[Event "Campeonato de España PULEVA MAX Sub-12  "]
[Site "Padron (Galicia)"]
[Date "2011.07.07"]
[Round "4"]
[White "Hernandez Mateo, Borja"]
[Black "Jimenez Ruano, Adrian"]
[Result "1-0"]
[WhiteElo "1699"]
[BlackElo "1668"]
[PlyCount "91"]
[EventDate "2011.07.05"]
[EventRounds "9"]
[EventCountry "ESP"]

1. e4 c5 2. Nf3 Nc6 3. d4 cxd4 4. Nxd4 Nf6 5. Nc3 e6 6. Ndb5 d6 7. Bf4 e5 8.
Bg5 a6 9. Na3 b5 10. Nd5 Be7 11. Bxf6 Bxf6 12. c4 Nd4 13. cxb5 Bb7 14. Nc3 O-O
15. bxa6 Bxa6 16. Bxa6 Rxa6 17. O-O g6 18. Nd5 Bg7 19. Nc4 Qd7 20. a4 Ne6 21.
Ncb6 Qa7 22. Nc4 Rc8 23. Rc1 Nc5 24. Qg4 Rd8 25. Nb4 Rxa4 26. Nc6 Qd7 27. Qxd7
Rxd7 28. Nb6 Rxe4 29. Nxd7 Nxd7 30. Ne7+ Kf8 31. Nd5 Kg8 32. Rc7 Nf8 33. Rd1
Re2 34. b4 Ne6 35. Rc8+ Bf8 36. Rb1 Rd2 37. Ne7+ Kg7 38. Nc6 e4 39. b5 d5 40.
b6 d4 41. b7 Bd6 42. Na5 e3 43. Nc4 exf2+ 44. Kf1 Ra2 45. Nxd6 Nf4 46. Rg8+ 1-0

[Event "Campeonato de España PULEVA MAX Sub-12  "]
[Site "Padron (Galicia)"]
[Date "2011.07.07"]
[Round "4"]
[White "Alfaya Marcelo, Roberto"]
[Black "Jimenez Vado, Yvan"]
[Result "1/2-1/2"]
[WhiteElo "1597"]
[BlackElo "1693"]
[PlyCount "100"]
[EventDate "2011.07.05"]
[EventRounds "9"]
[EventCountry "ESP"]

1. e4 d5 2. exd5 Qxd5 3. Nc3 Qa5 4. d4 c6 5. Nf3 Nf6 6. Bc4 Bf5 7. Bd2 Qc7 8.
O-O e6 9. Re1 Bd6 10. Be3 O-O 11. Qd2 Nbd7 12. h3 Bb4 13. Bd3 Qa5 14. Bxf5 Qxf5
15. Qd3 Qxd3 16. cxd3 Nb6 17. a3 Bd6 18. Ne4 Be7 19. Rac1 Rfd8 20. Ne5 Nbd7 21.
Bg5 h6 22. Bxf6 Nxf6 23. Nf3 Nd5 24. g3 Nb6 25. b4 a5 26. Rb1 axb4 27. axb4 Ra3
28. Red1 Nd5 29. Rb2 Nxb4 30. Nc5 Bxc5 31. dxc5 Ra4 32. d4 b5 33. cxb6 Rb8 34.
Rdb1 Rxb6 35. Ne5 Rb5 36. Nxc6 Nxc6 37. Rxb5 Nxd4 38. R5b4 Rxb4 39. Rxb4 Nc6
40. Rb6 Nd4 41. Rb8+ Kh7 42. Rd8 Nc6 43. Rc8 Nd4 44. Rc4 Nb5 45. Kg2 Kg6 46. f4
h5 47. g4 hxg4 48. hxg4 f5 49. Kg3 Nd6 50. Rc6 Ne4+ 1/2-1/2

[Event "Campeonato de España PULEVA MAX Sub-12  "]
[Site "Padron (Galicia)"]
[Date "2011.07.07"]
[Round "4"]
[White "Lopez Mulet, Inigo"]
[Black "Rodriguez, Alonso Marcos"]
[Result "1-0"]
[WhiteElo "1780"]
[BlackElo "1542"]
[PlyCount "81"]
[EventDate "2011.07.05"]
[EventRounds "9"]
[EventCountry "ESP"]

1. Nf3 c5 2. g3 Nc6 3. Bg2 e5 4. c4 d6 5. Nc3 Nf6 6. d3 h6 7. O-O Be7 8. a3 O-O
9. Rb1 a5 10. Nd2 Be6 11. Nd5 Re8 12. Qa4 Bd7 13. Qd1 Bf8 14. Nxf6+ Qxf6 15.
Ne4 Qd8 16. Nc3 Be6 17. e4 Be7 18. f4 exf4 19. gxf4 Qc8 20. f5 Bd7 21. Nd5 f6
22. Qg4 Ne5 23. Qg3 Kf7 24. Bf3 Rg8 25. Bh5+ Kf8 26. Kh1 Ra6 27. Rg1 Be8 28.
Bd1 Bf7 29. Bxh6 gxh6 30. Qxg8+ Bxg8 31. Rxg8+ Kxg8 32. Nxe7+ Kf7 33. Nxc8 Ke8
34. Ba4+ Kd8 35. Bb5 Kxc8 36. Bxa6 bxa6 37. Rd1 Ng4 38. Kg1 Kb7 39. h3 Ne5 40.
Kf2 h5 41. Ke3 1-0

[Event "Campeonato de España PULEVA MAX Sub-12  "]
[Site "Padron (Galicia)"]
[Date "2011.07.07"]
[Round "4"]
[White "Escudero Manzano, Sergio"]
[Black "Aliane Diez, Aaron"]
[Result "1-0"]
[WhiteElo "1735"]
[BlackElo "1531"]
[PlyCount "63"]
[EventDate "2011.07.05"]
[EventRounds "9"]
[EventCountry "ESP"]

1. e4 c6 2. d4 d5 3. exd5 cxd5 4. c4 Nf6 5. Nc3 e6 6. Nf3 Be7 7. Bg5 Nbd7 8.
cxd5 Nxd5 9. Nxd5 Bxg5 10. Nxg5 Qa5+ 11. Nc3 Qxg5 12. Qf3 O-O 13. Bb5 Nf6 14.
O-O Rd8 15. Rad1 a6 16. Bc4 Rb8 17. d5 exd5 18. Nxd5 Bg4 19. Nxf6+ gxf6 20.
Rxd8+ Rxd8 21. Qxb7 Qg6 22. Bxa6 Rd4 23. Qb8+ Kg7 24. Qg3 h5 25. a3 h4 26. Qxh4
f5 27. h3 Qxa6 28. hxg4 fxg4 29. Qg5+ Kf8 30. Qc5+ Rd6 31. Rd1 Ke7 32. Qxd6+
1-0

[Event "Campeonato de España PULEVA MAX Sub-12  "]
[Site "Padron (Galicia)"]
[Date "2011.07.07"]
[Round "4"]
[White "Nieves Cabanes, Jose Manuel"]
[Black "Fernandez Nieto, Javier"]
[Result "1/2-1/2"]
[WhiteElo "1722"]
[BlackElo "1467"]
[PlyCount "62"]
[EventDate "2011.07.05"]
[EventRounds "9"]
[EventCountry "ESP"]

1. Nf3 d5 2. d4 Nf6 3. g3 e6 4. Bg2 Be7 5. O-O O-O 6. Bf4 Nbd7 7. c4 c6 8. Qc2
b6 9. Nc3 Bb7 10. Rfe1 c5 11. e4 dxe4 12. Nd2 Nh5 13. Ncxe4 Nxf4 14. gxf4 Qc7
15. f5 exf5 16. Nxc5 Bxc5 17. dxc5 Bxg2 18. Kxg2 Qxc5 19. Re3 Nf6 20. Nb3 Qc6+
21. Kg1 g6 22. Nd4 Qc5 23. Nb3 Qc6 24. Rg3 Ne4 25. Rg2 Rac8 26. Nd4 Qc5 27. Nf3
Qxc4 28. Qxc4 Rxc4 29. b3 Rc3 30. Nd4 Rfc8 31. Rf1 Kf8 1/2-1/2

[Event "Campeonato de España PULEVA MAX Sub-12  "]
[Site "Padron (Galicia)"]
[Date "2011.07.07"]
[Round "4"]
[White "Gallardo Obregon, Alexandra"]
[Black "Guerra Arrocha, Daniel"]
[Result "1-0"]
[WhiteElo "1548"]
[BlackElo "1733"]
[PlyCount "78"]
[EventDate "2011.07.05"]
[EventRounds "9"]
[EventCountry "ESP"]

1. e4 e5 2. Nf3 Nf6 3. Nxe5 d6 4. Nf3 Nxe4 5. d3 Nf6 6. Be2 Be7 7. O-O O-O 8.
b3 d5 9. d4 Bf5 10. Nc3 c6 11. Bb2 Nbd7 12. Re1 Bd6 13. Bf1 Qc7 14. g3 Rfe8 15.
Rxe8+ Rxe8 16. Nh4 Bg4 17. Qd2 Bb4 18. a3 Ne4 19. Qe3 Bxc3 20. Bxc3 Ndf6 21.
Bb2 Nd6 22. Qd3 g5 23. Nf3 Bf5 24. Qd2 Nfe4 25. Qc1 h6 26. a4 Qd8 27. b4 Qf6
28. Qd1 Bg4 29. Bg2 Nc4 30. Bc1 Nc3 31. Qd3 Ne2+ 32. Kf1 Bxf3 33. Bxf3 Nxd4 34.
Bg2 Nxc2 35. Qxc2 Qxa1 36. b5 Qe5 37. Bd2 Nxd2+ 38. Qxd2 Qa1+ 39. Qd1 Qxd1# 1-0

[Event "Campeonato de España PULEVA MAX Sub-12  "]
[Site "Padron (Galicia)"]
[Date "2011.07.07"]
[Round "5"]
[White "Perez Garcia, Alejandro"]
[Black "Ventura Bolet, Alexandre"]
[Result "0-1"]
[WhiteElo "1781"]
[BlackElo "1755"]
[PlyCount "132"]
[EventDate "2011.07.05"]
[EventRounds "9"]
[EventCountry "ESP"]

1. d4 Nf6 2. Nf3 c5 3. c3 cxd4 4. cxd4 d5 5. Bg5 Nc6 6. Nc3 Bf5 7. Bxf6 exf6 8.
Nh4 Be6 9. e4 Bb4 10. Nf5 O-O 11. Qg4 Bxf5 12. exf5 Re8+ 13. Kd1 Qb6 14. Bd3
Rad8 15. Ne2 Ba5 16. Rb1 Qb4 17. Qf4 Nxd4 18. Nxd4 Re1+ 19. Rxe1 Qxe1+ 20. Kc2
Rc8+ 21. Nc6 Rxc6+ 22. Kb3 Qe5 23. Qxe5 fxe5 24. f3 a6 25. a4 f6 26. Ka3 Kf7
27. b4 Bc7 28. b5 Rc3+ 29. Rb3 Bd6+ 30. Kb2 Rxb3+ 31. Kxb3 a5 32. g4 b6 33. h4
h6 34. h5 Ke7 35. Bb1 Bb4 36. Kc2 Kd6 37. Kd3 Kc5 38. Bc2 Be1 39. Bb3 Kb4 40.
Bd1 Ka3 41. Bc2 Kb2 42. Bd1 Bb4 43. Ke3 Kc3 44. Ke2 Bc5 45. Ke1 Kd3 46. Bb3 d4
47. Bd1 Ke3 48. Kf1 Kd2 49. Bb3 d3 50. Ba2 Ke3 51. Bd5 d2 52. Bb3 Kxf3 53. Bd1+
Ke3 54. Kg2 e4 55. Kf1 Kd3 56. Kg2 e3 57. Kf3 Bd4 58. Bb3 e2 59. Bc4+ Kxc4 60.
Kxe2 Kc3 61. Kd1 Be3 62. g5 Bxg5 63. Ke2 Kc2 64. Kf3 d1=Q+ 65. Kg3 Qf1 66. Kg4
Qg2# 0-1

[Event "Campeonato de España PULEVA MAX Sub-12  "]
[Site "Padron (Galicia)"]
[Date "2011.07.07"]
[Round "5"]
[White "Santos Ruiz, Miguel"]
[Black "Domingo Nunez, Ruben"]
[Result "0-1"]
[WhiteElo "1949"]
[BlackElo "1756"]
[PlyCount "100"]
[EventDate "2011.07.05"]
[EventRounds "9"]
[EventCountry "ESP"]

1. e4 e6 2. d4 d5 3. Nc3 Bb4 4. e5 c5 5. a3 Bxc3+ 6. bxc3 Ne7 7. Nf3 Bd7 8. Rb1
Qc7 9. Bd3 c4 10. Be2 Ba4 11. h4 Nbc6 12. h5 h6 13. Bf4 b5 14. Nh2 a5 15. Qd2
Qa7 16. g4 b4 17. axb4 axb4 18. Be3 b3 19. Bd1 Rb8 20. Qc1 Qa5 21. Kd2 Kd7 22.
Qa3 Qb5 23. Rb2 Ra8 24. Be2 Rhb8 25. Ra1 Qb7 26. Bd1 Ke8 27. Rab1 Bb5 28. Qc5
Ra5 29. cxb3 Ba6 30. Qd6 Rd8 31. bxc4 Qa7 32. Rb7 Bxb7 33. Qc7 Ba6 34. Qxa7
Nxa7 35. g5 hxg5 36. Bxg5 Bxc4 37. Ng4 Ra2+ 38. Ke3 Nb5 39. h6 Nf5+ 40. Kf3
gxh6 41. Nf6+ Kf8 42. Nh7+ Kg7 43. Bxd8 Kxh7 44. Rc1 Ra3 45. Kg4 Nxc3 46. Bc2
Ne2 47. Rd1 Nexd4 48. Rxd4 Be2+ 49. f3 Rxf3 50. Rd2 Rg3+ 0-1

[Event "Campeonato de España PULEVA MAX Sub-12  "]
[Site "Padron (Galicia)"]
[Date "2011.07.07"]
[Round "5"]
[White "Salagran Ferragut, Guillem"]
[Black "Domingo Nunez, Alejandro"]
[Result "0-1"]
[WhiteElo "1755"]
[BlackElo "1839"]
[PlyCount "118"]
[EventDate "2011.07.05"]
[EventRounds "9"]
[EventCountry "ESP"]

1. e4 e6 2. d4 d5 3. Bd3 dxe4 4. Bxe4 Nf6 5. Bf3 c5 6. Ne2 Nc6 7. Be3 Be7 8.
O-O O-O 9. dxc5 Qxd1 10. Rxd1 Ne5 11. Nd2 Neg4 12. Bd4 e5 13. c6 bxc6 14. Bc3
Bc5 15. Rf1 Ba6 16. Rae1 Bd4 17. Nxd4 exd4 18. Bxd4 Rad8 19. Nb3 Bxf1 20. Rxf1
Rfe8 21. Bxc6 Re2 22. h3 Rxc2 23. Bb5 Nh6 24. g4 Nd5 25. Bd3 Rc7 26. g5 Nf4 27.
gxh6 Nxd3 28. Bxg7 Rc6 29. Nd4 Rg6+ 30. Kh2 Rxg7 31. hxg7 Rxd4 32. b3 Kxg7 33.
Kg3 Nc5 34. Rc1 Ne6 35. Rc2 Rd3+ 36. Kg4 Kg6 37. f3 Nd4 38. Rf2 Nf5 39. Re2 h5+
40. Kf4 Kf6 41. Re5 Rd4+ 42. Re4 Rxe4+ 43. fxe4 Ne7 44. b4 Ng6+ 45. Ke3 Ke5 46.
a4 Ne7 47. b5 Nc8 48. Kd3 Nd6 49. h4 f6 50. Ke3 Nc4+ 51. Kf3 Nb2 52. a5 Nc4 53.
b6 Nxb6 54. axb6 axb6 55. Ke3 b5 56. Kd3 b4 57. Kc4 Kxe4 58. Kxb4 f5 59. Kc3
Ke3 0-1

[Event "Campeonato de España PULEVA MAX Sub-12  "]
[Site "Padron (Galicia)"]
[Date "2011.07.07"]
[Round "5"]
[White "Ucles Lirola, Moises"]
[Black "Hernandez Mateo, Borja"]
[Result "0-1"]
[WhiteElo "1774"]
[BlackElo "1699"]
[PlyCount "75"]
[EventDate "2011.07.05"]
[EventRounds "9"]
[EventCountry "ESP"]

1. e4 c5 2. Nf3 d6 3. d4 cxd4 4. Nxd4 Nf6 5. Nc3 a6 6. Bg5 e6 7. f4 Nbd7 8. Qf3
Be7 9. O-O-O O-O 10. Bd3 Nc5 11. Rhe1 Qc7 12. Kb1 b5 13. e5 Bb7 14. Qh3 Nxd3
15. Rxd3 dxe5 16. fxe5 Nd5 17. Qg4 Bxg5 18. Qxg5 Qe7 19. Qxe7 Nxe7 20. Nf3 Rfd8
21. Ne4 Bxe4 22. Rxe4 Rxd3 23. cxd3 Nd5 24. Ne1 a5 25. Nc2 Rd8 26. a3 Nb6 27.
Rd4 Rd5 28. Rxd5 Nxd5 29. g3 Ne7 30. Ne3 Nc6 31. Kc2 Nxe5 32. Kc3 Nc6 33. Nc2
Kf8 34. Nd4 Na7 35. Nb3 a4 36. Nd4 e5 37. Nf5 g6 38. Nd6 0-1

[Event "Campeonato de España PULEVA MAX Sub-12  "]
[Site "Padron (Galicia)"]
[Date "2011.07.07"]
[Round "5"]
[White "Perez Tores, Juan Miguel"]
[Black "Laiz, Ibanez Hector"]
[Result "0-1"]
[WhiteElo "1742"]
[BlackElo "1769"]
[PlyCount "72"]
[EventDate "2011.07.05"]
[EventRounds "9"]
[EventCountry "ESP"]

1. e4 e6 2. d3 d5 3. Nd2 Nf6 4. g3 c5 5. Bg2 Nc6 6. Ngf3 Be7 7. O-O O-O 8. Re1
b5 9. e5 Nd7 10. Nf1 Bb7 11. h4 a5 12. Bf4 a4 13. a3 b4 14. Qd2 bxa3 15. bxa3
Qa5 16. Reb1 Qxd2 17. N1xd2 Rab8 18. c4 d4 19. Ne4 Na5 20. Nfd2 Bc6 21. Kf1
Rxb1+ 22. Rxb1 Rb8 23. Rxb8+ Nxb8 24. Ke2 Kf8 25. Bf3 Ke8 26. Nf6+ gxf6 27.
exf6 e5 28. Bxe5 Nd7 29. Bxd4 cxd4 30. fxe7 Kxe7 31. Bxc6 Nxc6 32. f4 f5 33.
Kf3 Nf6 34. h5 h6 35. c5 Na5 36. c6 Kd6 0-1

[Event "Campeonato de España PULEVA MAX Sub-12  "]
[Site "Padron (Galicia)"]
[Date "2011.07.07"]
[Round "5"]
[White "Portela Peleteiro, Alberto"]
[Black "Ortega Lopez, Mikel"]
[Result "0-1"]
[WhiteElo "1681"]
[BlackElo "1758"]
[PlyCount "74"]
[EventDate "2011.07.05"]
[EventRounds "9"]
[EventCountry "ESP"]

1. e4 c5 2. Nc3 e6 3. g3 Nc6 4. Bg2 g6 5. d3 Bg7 6. f4 Nge7 7. Be3 b6 8. Nf3
O-O 9. Bf2 Rb8 10. O-O d6 11. Re1 e5 12. Rb1 h6 13. Kh1 Be6 14. Nd2 Qd7 15. Nf1
f5 16. Qd2 exf4 17. gxf4 d5 18. exd5 Bxd5 19. Nxd5 Nxd5 20. Bg3 Rfe8 21. c3 Kh7
22. Rxe8 Rxe8 23. Re1 Rxe1 24. Qxe1 Nce7 25. Ne3 Nxe3 26. Qxe3 Nd5 27. Qf3 Nf6
28. Kg1 Qa4 29. a3 Qc2 30. Qf2 Qxd3 31. Qf3 Qb1+ 32. Qf1 Qxb2 33. Qa6 Qxc3 34.
Qxa7 b5 35. Bf2 Qc1+ 36. Bf1 Ne4 37. Kg2 Qd2 0-1

[Event "Campeonato de España PULEVA MAX Sub-12  "]
[Site "Padron (Galicia)"]
[Date "2011.07.07"]
[Round "5"]
[White "Villemur, Tamaritz Juan"]
[Black "Escudero Manzano, Sergio"]
[Result "0-1"]
[WhiteElo "1634"]
[BlackElo "1735"]
[PlyCount "42"]
[EventDate "2011.07.05"]
[EventRounds "9"]
[EventCountry "ESP"]

1. e4 c5 2. Nf3 Nc6 3. d4 cxd4 4. Nxd4 Nf6 5. Nc3 e5 6. Nb3 Bb4 7. Bd3 d5 8.
Bd2 Bxc3 9. Bxc3 dxe4 10. Bb5 Qc7 11. Na5 O-O 12. Nxc6 bxc6 13. Bc4 e3 14. f3
Nh5 15. g3 Qb6 16. Bb3 Ba6 17. Bxe5 Rad8 18. Qc1 Rd2 19. c4 Rfd8 20. Bc3 Rg2
21. Qb1 e2 0-1

[Event "Campeonato de España PULEVA MAX Sub-12  "]
[Site "Padron (Galicia)"]
[Date "2011.07.07"]
[Round "5"]
[White "Guerra Arrocha, Daniel"]
[Black "Alfaya Marcelo, Roberto"]
[Result "1-0"]
[WhiteElo "1733"]
[BlackElo "1597"]
[PlyCount "111"]
[EventDate "2011.07.05"]
[EventRounds "9"]
[EventCountry "ESP"]

1. e4 c5 2. Nf3 d6 3. d4 cxd4 4. Nxd4 Nf6 5. Nc3 a6 6. Be3 e6 7. Be2 Be7 8. O-O
O-O 9. Kh1 Nbd7 10. f4 Qc7 11. Bf3 Rd8 12. Qe1 Nb6 13. f5 e5 14. Nde2 Nc4 15.
Bc1 b5 16. Ng3 Bb7 17. Nh5 Rac8 18. Nxf6+ Bxf6 19. g4 Qe7 20. Qg3 Bh4 21. f6
Qxf6 22. g5 Bxg3 23. gxf6 Bh4 24. fxg7 Kxg7 25. Bh5 f6 26. Rg1+ Kh8 27. Bg4 Rc7
28. Be6 Rg7 29. Bh6 Rg6 30. Rxg6 hxg6 31. Rg1 Kh7 32. Bc1 Bc8 33. Bf7 g5 34.
Nd5 Kg7 35. Bh5 Bb7 36. Rd1 Bxd5 37. Rxd5 Nb6 38. Rd3 d5 39. c3 Rd7 40. Bg4 Rd6
41. Be3 Nc4 42. Bc5 Rc6 43. Rxd5 Nxb2 44. Rd7+ Kh8 45. Bf8 Na4 46. Bh6 Nxc3 47.
Bf5 Kg8 48. Rg7+ Kh8 49. Rf7 Rc8 50. Bxc8 Kg8 51. Rg7+ Kh8 52. Bf5 Bf2 53. Rf7
Bc5 54. Bg6 Na4 55. Rc7 Nb6 56. Rxc5 1-0

[Event "Campeonato de España PULEVA MAX Sub-12  "]
[Site "Padron (Galicia)"]
[Date "2011.07.07"]
[Round "5"]
[White "Calvo Simon, Jorge"]
[Black "Bover De La Cruz, Pol"]
[Result "1/2-1/2"]
[WhiteElo "1715"]
[BlackElo "1586"]
[PlyCount "66"]
[EventDate "2011.07.05"]
[EventRounds "9"]
[EventCountry "ESP"]

1. e4 e5 2. Bc4 Nf6 3. d3 Bc5 4. Nc3 O-O 5. f4 d6 6. f5 h6 7. h4 c6 8. Qf3 Bb4
9. g4 d5 10. exd5 cxd5 11. Bb5 d4 12. a3 Ba5 13. b4 dxc3 14. bxa5 Qxa5 15. Bc4
Re8 16. g5 e4 17. dxe4 Nxe4 18. Ne2 Qxf5 19. Qg2 Qg4 20. Qf1 Be6 21. Bb5 Ng3
22. Rg1 Nxf1 23. Rxg4 Bxg4 24. Bxe8 Bxe2 25. Kxe2 Ng3+ 26. Kf3 Nf5 27. Kg4 Nd6
28. Ba4 b5 29. Bf4 bxa4 30. Bxd6 Nc6 31. gxh6 gxh6 32. Kh5 Kh7 33. Rf1 Nd8
1/2-1/2

[Event "Campeonato de España PULEVA MAX Sub-12  "]
[Site "Padron (Galicia)"]
[Date "2011.07.07"]
[Round "5"]
[White "Roma Barge, Gabriel"]
[Black "Tomas Romero, Francisco"]
[Result "1-0"]
[WhiteElo "1698"]
[BlackElo "1554"]
[PlyCount "145"]
[EventDate "2011.07.05"]
[EventRounds "9"]
[EventCountry "ESP"]

1. e4 c5 2. d4 cxd4 3. c3 d3 4. Bxd3 Nc6 5. Nf3 d6 6. O-O Nf6 7. c4 g6 8. Nc3
Bg7 9. Qe2 O-O 10. Rd1 Nd7 11. Rb1 Nc5 12. Nd5 Nxd3 13. Rxd3 b6 14. Bg5 Qd7 15.
Bf4 Bb7 16. e5 Qg4 17. h3 Qc8 18. exd6 exd6 19. Bxd6 Re8 20. Qd2 Re4 21. Ng5
Rxc4 22. b3 Rh4 23. Rc1 Qd7 24. Bg3 Rd4 25. Rxd4 Nxd4 26. Ne3 Bc6 27. Kh1 h6
28. Nf3 Nxf3 29. Qxd7 Bxd7 30. Rc7 Bxh3 31. gxh3 Ng5 32. Kg2 a5 33. Rb7 Bd4 34.
Nd5 Ne4 35. Nxb6 Bxb6 36. Rxb6 a4 37. Rb4 Nc3 38. Bf4 Nd5 39. Rd4 Nxf4+ 40.
Rxf4 axb3 41. axb3 Rb8 42. b4 Kf8 43. Kf3 Rc8 44. Ke2 g5 45. Rf6 Kg7 46. Rb6
Rc3 47. f3 Rc2+ 48. Ke3 Rh2 49. Rc6 Rxh3 50. Rc4 Rh1 51. Kd4 Rb1 52. Kc5 h5 53.
b5 Rb3 54. b6 h4 55. Kc6 Rxf3 56. Rb4 Re3 57. b7 Re8 58. b8=Q Rxb8 59. Rxb8 f5
60. Kd5 h3 61. Ke5 h2 62. Rb1 g4 63. Kf4 Kg6 64. Rh1 Kf6 65. Rxh2 Kg6 66. Rh1
Kf6 67. Rh5 g3 68. Kxg3 Kg6 69. Rh1 Kg5 70. Rf1 Kg6 71. Kf4 Kf6 72. Ra1 Ke6 73.
Ra6+ 1-0

[Event "Campeonato de España PULEVA MAX Sub-12  "]
[Site "Padron (Galicia)"]
[Date "2011.07.07"]
[Round "5"]
[White "Miguens, Mata Jose"]
[Black "Recuna Aranda, Miguel"]
[Result "1-0"]
[WhiteElo "1469"]
[BlackElo "1683"]
[PlyCount "39"]
[EventDate "2011.07.05"]
[EventRounds "9"]
[EventCountry "ESP"]

1. e4 d5 2. exd5 Nf6 3. Nf3 Qxd5 4. Nc3 Qh5 5. Nb5 Na6 6. d4 Bg4 7. Bf4 Nd5 8.
Bg3 c6 9. Na3 e6 10. Bxa6 bxa6 11. Nc4 Rd8 12. Nce5 Bxf3 13. Qxf3 Qxf3 14. Nxf3
c5 15. O-O-O cxd4 16. Rxd4 a5 17. Rhd1 Bc5 18. R4d3 O-O 19. c4 Rb8 20. Bxb8 1-0

[Event "Campeonato de España PULEVA MAX Sub-12  "]
[Site "Padron (Galicia)"]
[Date "2011.07.07"]
[Round "5"]
[White "Cirera Sancho, Alberto"]
[Black "Gimenez Aguirre, Ismael Alejo"]
[Result "1/2-1/2"]
[WhiteElo "1600"]
[BlackElo "1712"]
[PlyCount "100"]
[EventDate "2011.07.05"]
[EventRounds "9"]
[EventCountry "ESP"]

1. d4 d5 2. c4 e6 3. Nc3 Nf6 4. Nf3 Be7 5. e3 Nbd7 6. cxd5 exd5 7. Bd3 c6 8.
O-O O-O 9. b3 Bd6 10. Bb2 Re8 11. Rc1 a6 12. Qe2 Qc7 13. h3 Ne4 14. Nxd5 Qd8
15. Nc3 Nef6 16. Rfd1 Nf8 17. Bc4 b5 18. Bd3 Qd7 19. Ne5 Qb7 20. Ne4 Bxe5 21.
dxe5 Nxe4 22. Bxe4 Bd7 23. Qf3 Rac8 24. Rd6 Re6 25. Bf5 Rxd6 26. exd6 Bxf5 27.
Qxf5 Qd7 28. Qe5 f6 29. Qe7 c5 30. Qxd7 Nxd7 31. f4 Re8 32. Kf2 Kf7 33. Kf3 f5
34. g4 Re6 35. Be5 fxg4+ 36. hxg4 Nxe5+ 37. fxe5 Rxe5 38. e4 Ke6 39. Rd1 Kd7
40. Kf4 Re8 41. e5 Ke6 42. Ke4 Rf8 43. Rd2 Rc8 44. Rc2 h6 45. b4 c4 46. Rc3 Rf8
47. a3 g5 48. Rf3 Rxf3 49. Kxf3 Kd7 50. Ke4 Ke6 1/2-1/2

[Event "Campeonato de España PULEVA MAX Sub-12  "]
[Site "Padron (Galicia)"]
[Date "2011.07.07"]
[Round "5"]
[White "Panades Catarineu, Oriol"]
[Black "Cruz Ramirez, Nauzet"]
[Result "1/2-1/2"]
[WhiteElo "1589"]
[BlackElo "1691"]
[PlyCount "78"]
[EventDate "2011.07.05"]
[EventRounds "9"]
[EventCountry "ESP"]

1. d4 Nf6 2. c4 c5 3. d5 b5 4. Qc2 d6 5. e4 g6 6. cxb5 a6 7. a4 Nbd7 8. f4 Bg7
9. Nf3 O-O 10. Bd3 Ne8 11. O-O Nc7 12. Nc3 axb5 13. Nxb5 Nxb5 14. Bxb5 Ba6 15.
Bxa6 Rxa6 16. Bd2 Qb6 17. Bc3 Bxc3 18. Qxc3 Rb8 19. Rf2 Qb4 20. Qc2 Rab6 21.
Ra2 Nf6 22. Re2 c4 23. Nd4 Qc5 24. Qc3 Rb3 25. Qd2 Rd3 26. Qc2 Qxd4+ 27. Kf1
Rd1+ 28. Re1 Rxe1+ 29. Kxe1 Qxe4+ 30. Qxe4 Nxe4 31. Kd1 c3 32. Kc2 cxb2 33.
Rxb2 Rxb2+ 34. Kxb2 Nc5 35. a5 Kg7 36. Kc3 Kf6 37. Kb4 Kf5 38. g3 Ke4 39. Kb5
Kxd5 1/2-1/2